Warrnambool Line (V/Line) - Statistics

General Stats
  • This quiz has been taken 31 times
    27 since last reset
  • The average score is 17 of 23
Answer Stats
# Answer % Correct
1 Warrnambool
100%
5 Colac
94%
11 Geelong
94%
12 North Geelong
88%
24 Southern Cross
88%
10 South Geelong
88%
4 Camperdown
81%
2 Sherwood Park
81%
3 Terang
81%
22 Footscray
75%
15 Lara
75%
20 Ardeer
69%
19 Deer Park
69%
9 Marshall
69%
8 Waurn Ponds
69%
7 Winchelsea
69%
6 Birregurra
63%
14 Corio
63%
16 Little River
63%
21 Sunshine
63%
13 North Shore
56%
17 Wyndham Vale
56%
18 Tarneit
50%
No matching quizzes found
Score Distribution
Percent of People with Each Score
Percentile by Number Answered
Your Score History
You have not taken this quiz since the last reset